00293nam a2200121Ia 4500008004100000041000800041082001600049100002000065245002200085260003100107300002600138365000700164240624s9999 xx 000 0 und d aeng a621.382 NIC aNICOPOLITIDIS P aWIRELESS NETWORKS c2003aNew YorkbJohn Wiley axvi, : 405 : cm. ; 23 cRS